The dilemm'a of democracy : (Record no. 123302)

MARC details
000 -LEADER
fixed length control field 00677nam a22002417a 4500
005 - DATE AND TIME OF LATEST TRANSACTION
control field 20170124105923.0
010 ## - LIBRARY OF CONGRESS CONTROL NUMBER
LC control number A-55594
020 ## - INTERNATIONAL STANDARD BOOK NUMBER
Terms of availability 00
035 ## - SYSTEM CONTROL NUMBER
System control number A-55594
037 ## - SOURCE OF ACQUISITION
Source of stock number/acquisition Cen Lib/Ret
040 ## - CATALOGING SOURCE
Original cataloging agency DPL
Language of cataloging EN
082 ## - DEWEY DECIMAL CLASSIFICATION NUMBER
Classification number 320.942
Item number HAI
100 ## - MAIN ENTRY--PERSONAL NAME
Personal name Hailsham, Lord
9 (RLIN) 5312
245 ## - TITLE STATEMENT
Title The dilemm'a of democracy :
Statement of responsibility, etc by Lord Hailsham
Remainder of title diagnosis and prescriction /
246 ## - VARYING FORM OF TITLE
Remainder of title
260 ## - PUBLICATION, DISTRIBUTION, ETC. (IMPRINT)
Name of publisher, distributor, etc William Collins and Sons
Date of publication, distribution, etc 1978
Place of publication, distribution, etc London
270 ## - ADDRESS
City London
Address st james palce
300 ## - PHYSICAL DESCRIPTION
Extent 238p.
Dimensions 20cm(Hb)
500 ## - GENERAL NOTE
General note Includes index
650 ## - SUBJECT ADDED ENTRY--TOPICAL TERM
Topical term or geographic name as entry element Political Sciences
9 (RLIN) 833
650 ## - SUBJECT ADDED ENTRY--TOPICAL TERM
Topical term or geographic name as entry element Democracy
9 (RLIN) 826
942 ## - ADDED ENTRY ELEMENTS (KOHA)
Source of classification or shelving scheme Dewey Decimal Classification
Koha item type English Books
Classification part 320.942
Call number suffix HAI
Holdings
Withdrawn status Lost status Damaged status Not for loan Home library Current library Date acquired Source of acquisition Cost, normal purchase price Total Checkouts Full call number Barcode Date last seen Copy number Cost, replacement price Price effective from Koha item type Public note
Written off       Central Library Central Library 05/06/2015 Cen Lib/Ret 0.00   320.942 HAI A-55594 05/06/2015 1 0.00 05/06/2015 English Books W/d List No. 6860/5 ; dtd 05/08/2020

© Delhi Public Library
Hit Counter
free hit counter